000 01022nam a2200313 i 4500
001 000038418
003 DO-SdBNP
005 20250217095824.0
007 ta
008 130411s2012 dr 000 f spa d
020 _a9789993469179
040 _aDO-SdBNP
_bspa
_cBNPHU
_erda
041 _aspa
082 4 _aRD863.44
_bF727t 2012
_222
100 1 _aFornerín, Miguel Ángel,
_d1960-
_eautor
_4aut.
_922504
245 1 0 _aTú siempre crees que viene una guagua /
_cMiguel Ángel Formerín.
250 _aSegunda edición
264 4 _aSanto Domingo, República Dominicana :
_bEditora Santuario,
_c©2012.
300 _a156 páginas ;
_c22 cm.
336 _atexto
_btxt
_2rdacontent
337 _asin mediación
_bn
_2rdamedia
338 _avolumen
_bnc
_2rdacarrier
500 _aIncluye datos biográficos del autor en las solapas
590 _aInventariado, 2020/VM
650 4 _aNovela dominicana
_9223
650 4 _aLiteratura dominicana.
_967
910 _aValidado. Control de calidad MFF
942 _2ddc
_cLBS1
999 _c37908
_d37908